000
00208 a2200097 4500
001
58315
100
_a
245
_a
khavaldar lalak jan shaheed
260
_a
islamabad
_b
jaodah
_c
2002
090
_c
35802
_d
35802
942
_a
NUST-CAE
_c
_c
28672
999
_c
293388
_d
293388